[Event "FRA-ch U12"]
[Site "Agen"]
[Date "2021.10.31"]
[Round "9"]
[White "Famel, Diane"]
[Black "Roy, Suvrojija"]
[Result "1-0"]
[WhiteElo "1599"]
[BlackElo "1080"]
[PlyCount "35"]
[EventDate "2021.10.22"]
[EventType "swiss"]
[EventRounds "9"]
[EventCountry "FRA"]
[SourceTitle "EXT 2023"]
[Source "ChessBase"]
[SourceDate "2022.10.05"]
[SourceVersion "1"]
[SourceVersionDate "2022.10.05"]
[SourceQuality "1"]

1. e4 c5 2. Nf3 d6 3. d4 cxd4 4. Qxd4 Nc6 5. Bb5 Bd7 6. Bxc6 bxc6 7. Nc3 e5 8. Qd3 Nf6 9. 0-0 Be7 10. Rd1 h6 11. h3 0-0 12. Be3 Nh5 13. Qd2 g5 14. Nxe5 f6 15. Ng6 Rf7 16. Nxe7+ Qxe7 17. Qxd6 Qxd6 18. Rxd6 1-0